|
|
|
|
| LEADER |
00000cam a2200000 7i4500 |
| 001 |
0000068168 |
| 005 |
20161120.0 |
| 008 |
161120 |
| 020 |
|
|
|a 078581003x
|
| 090 |
0 |
0 |
|a 745.582
|b WIT
|
| 100 |
1 |
|
|a Withers,Sara
|
| 245 |
1 |
0 |
|a Bead work :
|b Get started in a new craft with easy-to-follow projects for beginners
|c Sara Withers
|
| 260 |
|
|
|a New Jersey :
|b Chartwell books ,
|c 1998
|
| 300 |
|
|
|a 48p. :
|b coll.ill
|
| 490 |
0 |
|
|a Start-A-Craft
|
| 650 |
|
0 |
|a Beads
|x Handicraft
|
| 999 |
|
|
|a 0000937889
|b Book
|c Adult Collection
|e Cawangan Tangkak
|
| 999 |
|
|
|a 0000937890
|b Book
|c Adult Collection
|e Cawangan Tangkak
|